000 00966nam a2200289 i 4500
003 DO-SdBNP
005 20250529151550.0
007 ta
008 240314e2023 dr ||||gr|||| 00| p spa d
020 _a9789945941005
040 _aDO-SdBNP
_bspa
_cBNPHU
_erda
082 4 _axx
_bP598m
_222
100 1 _aPicón, María Carla
_983657
_d1980
_eautora
_4aut.
245 1 0 _aMareas:
_bentre recurrencias y aguas encontradas. /
_cMaría Carla Picón
250 _aSegunda edición
264 4 _a[Santo Domingo] :
_bDiEditores,
_bEditora Búho,
_c©2023.
300 _a112 páginas
_c22 cm.
336 _atexto
_btxt
_2rdacontent
337 _asin mediación
_bn
_2rdamedia
338 _avolumen
_bnc
_2rdacarrier
500 _aIncluye datos biografícos de la autora en la solapa de la portada.
590 _aInventariado 2024 / YL
650 0 _aLiteratura dominicana.
_967
650 4 _aPoesía
_zRepública Dominicana
_982075
910 _aYLockward
942 _2ddc
_cLBS1
999 _c56115
_d56115